| 000 | 00511nam a2200181Ia 4500 | ||
|---|---|---|---|
| 999 |
_c29716 _d29716 |
||
| 003 | OSt | ||
| 005 | 20210106094219.0 | ||
| 008 | 190216s9999||||xx |||||||||||||| ||und|| | ||
| 020 | _a9788126427086 | ||
| 040 | _coclc | ||
| 082 |
_a894.8122 _bTHO/K |
||
| 100 |
_aThomas, C J _96777 |
||
| 245 | 0 |
_aKalvariyile Kalpapadapam / _cC J Thomas |
|
| 260 |
_bD C Books, _c2010. _aKottayam: |
||
| 300 | _a144p | ||
| 650 | _aMalayalam Nadakam | ||
| 942 |
_cBK _2ddc _h894.8122 _iTHO/K _k894.8122 _mTHO/K |
||